| 000 | 00910cam a2200229 4500 | ||
|---|---|---|---|
| 001 | WB3740-17 | ||
| 008 | 011024n2001 000 0 eng u | ||
| 035 | _a(Sirsi) u115263 | ||
| 245 | _aHousing market slowdown confirmed | ||
| 260 | _c2001 | ||
| 490 |
_aRICS Press Release _v(pr132) 19 October 2001 (2) |
||
| 520 | _aAccording to the latest housing survey from the RICS, house price rises slowed in September to the lowest level since April. Indicative of the market slowdown, the difference between surveyors reporting price rises and falls dropped to 38% in September, from 49% the previous month. | ||
| 590 | _aWB | ||
| 650 | _aRICS HOUSING MARKET SURVEY ENGLAND AND WALES | ||
| 650 | _aSLOWDOWN | ||
| 650 | _aHOUSE SALES | ||
| 650 | _aNORTH SOUTH DIVIDE | ||
| 650 | _aDOWNTURN | ||
| 650 | _aHOUSE PRICES | ||
| 690 | _aPROPERTY-RESIDENTIAL PROPERTY-RESIDENTIAL PROPERTY MARKET | ||
| 942 | _n0 | ||
| 999 |
_c68646 _d68646 |
||